000 00535nam a2200181Ia 4500
001 20222
005 20260306172750.0
008 260306t2009||||xx |||||||||||||| ||spa||
041 _aESP
082 _a343
_bM86
100 _aMora Restrepo, Gabriel
_eAUT
245 0 _aJusticia constitucional y arbitrariedad de los jueces:
_bteoría de la legitimidad en la argumentación de las sentencias constitucionales
260 _c2009
300 _a455 páginas :
_c25 cm.
650 _aGEN
654 _aCDE
942 _cLIB
_dJUS
_fJUS
_2ddc
_n
999 _c20222
_d20222